000 00658nam a2200289Ia 4500
005 20260324145035.0
008 008 260324s9999 xx 000 0 eng d
020 _a9781003470007
037 _aEBOOK
040 _aCRL
040 _beng
040 _cCRL
041 _2eng
041 _aeng
084 _qCRL
100 _aIan Blair
_91221533
245 0 _aInvestigating Rape
245 2 _bA New Approach for Police
260 _bTaylor and Francis
260 _c1985
365 _a
365 _b150
856 _uhttp://www.taylorfrancis.com/books/9781003470007
942 _cEBOOK
999 _c1828910
_d1828910